Vinaya texts / (Record no. 67276)

MARC details
000 -LEADER
fixed length control field 01129cam a2200277 a 4500
001 - CONTROL NUMBER
control field sa 66000484
003 - CONTROL NUMBER IDENTIFIER
control field DLC
005 - DATE AND TIME OF LATEST TRANSACTION
control field 20260227112215.0
008 - FIXED-LENGTH DATA ELEMENTS--GENERAL INFORMATION
fixed length control field 770118r19651881ii b 001 0 eng
010 ## - LIBRARY OF CONGRESS CONTROL NUMBER
LC control number sa 66000484
035 ## - SYSTEM CONTROL NUMBER
System control number (OCoLC)2685218
040 ## - CATALOGING SOURCE
Original cataloging agency DLC
Transcribing agency DLC
Modifying agency DLC
041 1# - LANGUAGE CODE
Language code of text/sound track or separate title eng
Language code of original pli
050 00 - LIBRARY OF CONGRESS CALL NUMBER
Classification number BQ2312.E5
Item number D38 1965
130 0# - MAIN ENTRY--UNIFORM TITLE
Uniform title Tipiṭaka.
Name of part/section of a work Vinayapiṭaka.
Form subheading Selections.
Language of a work English.
245 10 - TITLE STATEMENT
Title Vinaya texts /
Statement of responsibility, etc. translated from Pāli by T.W. Rhys Davids and Hermann Oldenberg.
260 ## - PUBLICATION, DISTRIBUTION, ETC.
Place of publication, distribution, etc. Delhi :
Name of publisher, distributor, etc. Motilal Banarsidass,
Date of publication, distribution, etc. 1965.
300 ## - PHYSICAL DESCRIPTION
Extent 3 v. ;
Dimensions 23 cm.
440 #0 - SERIES STATEMENT/ADDED ENTRY--TITLE
Title Sacred books of the East series ;
Volume/sequential designation v. 13, 17, 20
440 #0 - SERIES STATEMENT/ADDED ENTRY--TITLE
Title UNESCO collection of representative works.
Name of part/section of a work Indian series
500 ## - GENERAL NOTE
General note Reprint. Originally published: Oxford : Clarendon Press, 1881.
504 ## - BIBLIOGRAPHY, ETC. NOTE
Bibliography, etc. note Includes bibliographical references and indexes.
505 0# - FORMATTED CONTENTS NOTE
Formatted contents note pt. 1. The Pātimokkha ; The Mahāvagga, I-IV -- pt. 2. The Mahâvagga, V-X ; The Kullavagga, I-III -- pt. 3. The Kulavagga, IV-XII.
700 1# - ADDED ENTRY--PERSONAL NAME
Personal name Davids, T. W. Rhys
Fuller form of name (Thomas William Rhys),
Dates associated with a name 1843-1922.
700 1# - ADDED ENTRY--PERSONAL NAME
Personal name Oldenberg, Hermann,
Dates associated with a name 1854-1920.

No items available.

Powered by Koha